KULTÚRA A IDENTITA

Bibliographic Details
Main Author: Pavlíková, Barbara (Author)
Format: Article
Language:Slovak

MARC

LEADER 00000nab a2200000uu 4500
001 vtls010883264
003 SK-MaSNL
005 20260303145146.0
008 230222|2012 xo |||||||||||||||||slo|
015 |a SNBRB 
035 |a (urnnbn)urn:nbn:sk:snk:ar-00245e 
035 |a (uuid)02d687fc-b2c8-4296-b4aa-d923a0ae2a12 
035 |a urn:nbn:sk:snk-ab8eu1 
040 |a SNKBUCL  |b slo  |c SNKBUCL  |e AACR2 
041 0 |a slo 
044 |a xo  |c SK 
100 1 |a Pavlíková, Barbara  |4 aut  |9 345429 
245 1 0 |a KULTÚRA A IDENTITA  |c Barbara Pavlíková 
773 0 |t Acta Nitriensiae : zborník Filozofickej fakulty Univerzity Konštantína Filozofa v Nitre  |g Č. 13 (2012), s. 149-174 
954 |a odborná, vedecká literatúra pôvodná (slovenská)  |2 lita 
958 |a OND 
958 |a EUIPO 
958 |a article10 
999 |c 2000981  |d 2002911